000 00682nam a22001937a 4500
003 OSt
005 20260120032459.0
008 260120b |||||||| |||| 00| 0 eng d
020 _a978-971-510-256-8
040 _aDWC-Main lib
_cOC
082 _aFil. 275.99 L426f 2014
100 _aLayugan, Michael G.
245 _aFrom mission church to missionary church :
_bDivine Word Missionaries in the Philippines, 1909-1957/
_cMichael G. Layugan
260 _aManila, Philippines:
_b Logos Publication ,
_cc2014.
300 _a xviii, 609 pages :
_b illustrations ;
_c24cm.
650 _a1. Catholic church
650 _a2. Society of Divine Word
942 _2ddc
_cBK - FIL
_kFil.
_n0
999 _c7569
_d7569